000 00221 a2200097 4500
001 40022
100 _aSingh B M
245 _a100 Easy to Make Punjabi Dishes
260 _a
_bTarang Paper back
_c
090 _c25010
_d25010
942 _aNUST-CAE
_cM
_c16682
999 _c275095
_d275095